[Event "5th Classic Open 2013"]
[Site "London ENG"]
[Date "2013.12.09"]
[Round "3.63"]
[White "Arapalea, Daniel-Ionel"]
[Black "Roberts, Paul"]
[Result "0-1"]
[BlackTitle "CM"]
[WhiteElo "1814"]
[BlackElo "2215"]
[WhiteFideId "1232614"]
[BlackFideId "2400600"]
[EventDate "2013.12.07"]

1. c4 Nf6 2. Nc3 g6 3. Nf3 d5 4. cxd5 Nxd5 5. d4 Bg7 6. e4 Nxc3 7. bxc3 c5 8.
Be2 O-O 9. O-O Qc7 10. Be3 Nd7 11. h3 b6 12. Rc1 Bb7 13. e5 e6 14. Qb3 Rac8 15.
Bg5 c4 16. Qa3 f6 17. exf6 Nxf6 18. Nd2 Ne4 19. Nxe4 Bxe4 20. Be7 Rf7 21. Bd6
Qc6 22. f3 Bd5 23. Rfe1 Bf8 24. Bxf8 Rcxf8 25. Rc2 Qc7 26. Qc1 Qg3 27. Kh1 Rf5
28. Bf1 Rg5 29. Qe3 Rxf3 30. gxf3 Bxf3+ 31. Bg2 Bxg2+ 32. Kg1 Bf3+ 33. Kf1 Qxh3+
34. Kf2 0-1

[Event "5th Classic Open 2013"]
[Site "London ENG"]
[Date "2013.12.09"]
[Round "3.64"]
[White "Pienabarca, Nicola"]
[Black "Jacob, Sydney J"]
[Result "1/2-1/2"]
[WhiteElo "2139"]
[BlackElo "1907"]
[WhiteFideId "806641"]
[BlackFideId "419338"]
[EventDate "2013.12.07"]

1. d4 g6 2. c4 Bg7 3. Nc3 c5 4. d5 Bxc3+ 5. bxc3 Qa5 6. Qc2 f5 7. f3 d6 8. e4
Nf6 9. Bd3 Nbd7 10. exf5 Ne5 11. fxg6 Nxd3+ 12. Qxd3 Bf5 13. Qe3 hxg6 14. Ne2 b5
15. g4 Bd7 16. Qd3 O-O-O 17. Bg5 Qa4 18. Bxf6 exf6 19. Kf2 f5 20. h3 Qxc4 21.
Qxc4 bxc4 22. Nf4 g5 23. Nh5 Rdf8 24. Kg2 Re8 25. Rhe1 fxg4 26. hxg4 Rd8 27. Re7
Rde8 28. Rae1 Rxe7 29. Rxe7 Re8 30. Rxe8+ Bxe8 31. Nf6 Bg6 32. f4 gxf4 33. Kf3
Kd8 34. Kxf4 Ke7 35. Ne4 Bf7 36. Ng3 Bxd5 37. Nf5+ Kd7 38. Nh6 Be6 39. g5 d5 40.
g6 d4 41. g7 dxc3 42. Ke3 c2 43. Kd2 c3+ 44. Kxc2 Bxa2 45. Kxc3 1/2-1/2

[Event "5th Classic Open 2013"]
[Site "London ENG"]
[Date "2013.12.09"]
[Round "3.65"]
[White "Friedland, Jon S"]
[Black "Sagues, Vincent"]
[Result "1-0"]
[WhiteTitle "CM"]
[WhiteElo "2089"]
[BlackElo "1904"]
[WhiteFideId "408484"]
[BlackFideId "625680"]
[EventDate "2013.12.07"]

1. e4 e6 2. d4 d5 3. Nc3 Bb4 4. Ne2 dxe4 5. a3 Be7 6. Nxe4 Nd7 7. g3 Ngf6 8.
Nxf6+ Nxf6 9. Bg2 O-O 10. O-O Rb8 11. c4 b6 12. Nc3 Bb7 13. Bxb7 Rxb7 14. Qf3 c6
15. Bf4 Qc8 16. Rac1 Rd7 17. Be5 Qb7 18. Rfe1 Rfd8 19. Qe2 Ne8 20. Rcd1 Bf6 21.
Ne4 Bxe5 22. dxe5 c5 23. Rxd7 Qxd7 24. Qh5 f5 25. exf6 Nxf6 26. Nxf6+ gxf6 27.
Qg4+ Kf7 28. Qe4 f5 29. Qh4 Kg8 30. Qf4 Qd6 31. Qf3 Rd7 32. Qa8+ Kg7 33. h4 f4
34. g4 e5 35. Qe4 Re7 36. Kh2 Qe6 37. Rd1 Qf6 38. Kh3 Qe6 39. h5 h6 40. Rd8 Re8
41. Rd5 Re7 42. b3 Re8 43. Qf3 Rf8 44. Qc3 Re8 45. Qd2 Qc6 46. Kh2 Qf6 47. Kh3
Re7 48. Rd6 Re6 49. Rd8 Re7 50. Qd5 Re6 51. Qa8 e4 52. Rg8+ Kh7 53. Rf8 Qc3+ 54.
Kh2 Re7 55. Qd5 Rg7 56. Qf5+ 1-0

[Event "5th Classic Open 2013"]
[Site "London ENG"]
[Date "2013.12.09"]
[Round "3.66"]
[White "Kane, Robert"]
[Black "Buyandalai, Tumen"]
[Result "0-1"]
[WhiteElo "1866"]
[BlackElo "2074"]
[WhiteFideId "420468"]
[BlackFideId "4901916"]
[EventDate "2013.12.07"]

1. d4 Nf6 2. Nf3 b6 3. c4 Bb7 4. Nc3 h6 5. d5 g5 6. e4 d6 7. Nd4 c5 8. Nf5 Bc8
9. Be2 Nxe4 10. Nxe4 Bxf5 11. Ng3 Bg6 12. Bh5 Bxh5 13. Nxh5 Qd7 14. Qe2 Qf5 15.
f4 Nd7 16. g4 Qg6 17. f5 Qg8 18. O-O O-O-O 19. a4 a5 20. Be3 Bg7 21. Rac1 Kb7
22. Rfd1 Be5 23. b4 axb4 24. a5 Ra8 25. axb6 Ra3 26. Ng3 f6 27. Ne4 Qa8 28. Nf2
Ra2 29. Rd2 Rxd2 30. Qxd2 h5 31. Qc2 Qa3 32. Nd3 hxg4 33. Bf2 Rxh2 34. Nxe5 Qh3
35. Qe4 Nxe5 0-1

[Event "5th Classic Open 2013"]
[Site "London ENG"]
[Date "2013.12.09"]
[Round "3.68"]
[White "Kalerwa, Edwin M"]
[Black "Calvert, D Ian"]
[Result "1/2-1/2"]
[WhiteElo "1820"]
[BlackElo "2002"]
[WhiteFideId "422223"]
[BlackFideId "406368"]
[EventDate "2013.12.07"]

1. c4 Nf6 2. g3 c6 3. Bg2 d5 4. b3 g6 5. Bb2 Bg7 6. Nf3 O-O 7. O-O Nbd7 8. d3 b6
9. Nc3 Bb7 10. Qd2 c5 11. Nh4 e6 12. Rad1 Qb8 13. e4 d4 14. Ne2 Ne8 15. f4 f5
16. e5 Bxg2 17. Kxg2 Qb7+ 18. Kg1 Nc7 19. b4 a5 20. b5 Kf7 21. Nf3 h6 22. a4 Rg8
23. h3 Bf8 24. Kh2 Be7 25. Neg1 Raf8 26. Qg2 Qa8 27. Qe2 Rg7 28. Rde1 Rfg8 29.
Rf2 Ke8 30. Bc1 Nf8 31. Rg2 g5 32. fxg5 hxg5 33. g4 f4 34. Nd2 Ng6 35. Ngf3 Rh8
36. Kg1 Rxh3 37. Ne4 Qd8 38. Rh2 Rgh7 39. Rxh3 Rxh3 40. Kg2 Rh8 41. Nf2 Nh4+ 42.
Nxh4 Rxh4 43. Qe4 Qa8 44. Kf3 Kd7 45. Rh1 Rxh1 46. Nxh1 Bf8 47. Nf2 Bh6 48. Ke2
Qxe4+ 49. Nxe4 Ne8 50. Kf3 Ke7 51. Bd2 Kd7 52. Bxa5 bxa5 53. Nxc5+ Kc8 54. Nb3
Bg7 55. Ke4 f3 56. Kxf3 Bxe5 57. Ke4 Bf4 58. Nxa5 Nf6+ 59. Kf3 Nd7 60. Nb3 Ne5+
61. Ke4 Nxg4 62. Nc5 Nf2+ 63. Kf3 Nd1 64. a5 Bd6 65. Nxe6 Nb2 66. Nxg5 Nxd3 67.
Ke4 Nc1 68. Nf3 Nb3 69. a6 Bc5 70. Ne5 Kc7 71. Kd5 Ba7 72. Nd3 Kb6 73. Nb2 Nc5
74. Kxd4 Nxa6 75. bxa6 Kxa6+ 76. Kd5 Kb7 77. Na4 Bf2 78. Nc5+ Kc7 79. Ne6+ Kd7
80. Nd4 Kc7 81. c5 Bxd4 82. Kxd4 Kc6 83. Kc4 Kc7 84. Kd5 Kd7 85. c6+ Kc7 86. Kc5
Kc8 87. Kb6 Kb8 88. Kc5 Kc7 89. Kd5 Kc8 90. Kd6 Kd8 91. Kc5 1/2-1/2

[Event "5th Classic Open 2013"]
[Site "London ENG"]
[Date "2013.12.09"]
[Round "3.69"]
[White "Reutimann, Hans Peter"]
[Black "Gschwendtner, Stanislav"]
[Result "0-1"]
[WhiteElo "1814"]
[BlackElo "1999"]
[WhiteFideId "1313886"]
[BlackFideId "307297"]
[EventDate "2013.12.07"]

1. d4 Nf6 2. Nf3 g6 3. Bf4 Bg7 4. e3 O-O 5. c3 b6 6. Nbd2 Bb7 7. Bc4 d6 8. O-O
c5 9. Re1 Nc6 10. Qc2 Rc8 11. Rad1 d5 12. Be2 Nh5 13. Bg5 h6 14. Bh4 cxd4 15.
exd4 Nf4 16. Bb5 g5 17. Bxc6 Rxc6 18. Bg3 Nh5 19. Ne5 Rc8 20. Qf5 Nxg3 21. hxg3
e6 22. Qh3 Rc7 23. Ng4 Kh7 24. Ne5 Bc8 25. g4 Kg8 26. Qd3 f6 27. Nef3 Qd6 28.
Re3 Qf4 29. Nh2 Qd6 30. Rde1 e5 31. dxe5 fxe5 32. Ne4 Qc6 33. Ng3 e4 34. Qd2
Rcf7 35. f3 Be5 36. fxe4 Bf4 37. exd5 Qd6 38. Qd3 Ba6 39. c4 Bxc4 40. Qxc4 Bxg3
41. Re6 Bxh2+ 42. Kh1 Qc7 43. Rg6+ Kh7 44. Rc6 Qg3 45. Qe4+ Kg8 46. Rg6+ Rg7 47.
Rxg7+ Kxg7 48. Qd4+ Kg8 49. Qe4 Qd6 50. Qd3 Be5 51. Rc1 Qf6 52. Re1 Bd6 53. b3
Kg7 54. Qe2 Qf4 55. Qb2+ Kg8 0-1

[Event "5th Classic Open 2013"]
[Site "London ENG"]
[Date "2013.12.09"]
[Round "3.70"]
[White "Shaw, Robin A."]
[Black "Sellmair, Reinhard"]
[Result "0-1"]
[WhiteElo "1802"]
[BlackElo "1988"]
[WhiteFideId "3204677"]
[BlackFideId "12946990"]
[EventDate "2013.12.07"]

1. e4 e6 2. d4 d5 3. c4 dxe4 4. Nc3 Bb4 5. Be3 Nf6 6. f3 c5 7. a3 Bxc3+ 8. bxc3
O-O 9. Qc2 Nc6 10. dxc5 exf3 11. Nxf3 e5 12. Rd1 Qe7 13. h3 e4 14. Nd4 Qxc5 15.
Qf2 Qa5 16. Nxc6 bxc6 17. Bd4 Qf5 18. Qxf5 Bxf5 19. Bxf6 gxf6 20. Rd6 Be6 21.
Be2 Rfd8 22. Rxc6 Rab8 23. O-O Rb2 24. Re1 f5 25. c5 Ra2 26. Rd6 Rc8 27. c6 Rxa3
28. Rc1 Ra5 29. Rb1 Rc5 30. Bb5 Rxc3 31. Ra1 Rc5 32. Ba4 Ra5 33. Ra3 Kg7 34.
Rg3+ Kf6 35. Bb3 Ke5 36. Bxe6 fxe6 37. Rd7 Rxc6 38. Rxh7 Ra1+ 39. Kh2 Rcc1 40.
Rgg7 e3 0-1

[Event "5th Classic Open 2013"]
[Site "London ENG"]
[Date "2013.12.09"]
[Round "3.72"]
[White "Vachtfeidl, Petr"]
[Black "Torgersen, Markus"]
[Result "1-0"]
[WhiteElo "1985"]
[BlackElo "1732"]
[WhiteFideId "315028"]
[BlackFideId "1511653"]
[EventDate "2013.12.07"]

1. e4 c5 2. Nf3 d6 3. d4 cxd4 4. Nxd4 Nf6 5. Nc3 a6 6. Be3 Ng4 7. Bc1 Nf6 8. Be2
e5 9. Nb3 Be6 10. f4 b5 11. f5 Bxb3 12. axb3 b4 13. Nd5 Nxe4 14. O-O Be7 15. Bf3
Ng5 16. Nxe7 Nxf3+ 17. Qxf3 1-0

[Event "5th Classic Open 2013"]
[Site "London ENG"]
[Date "2013.12.09"]
[Round "3.73"]
[White "Miu, Marinel"]
[Black "Milligan, Helen"]
[Result "1-0"]
[BlackTitle "CM"]
[WhiteElo "1683"]
[BlackElo "1977"]
[WhiteFideId "1220691"]
[BlackFideId "2401312"]
[EventDate "2013.12.07"]

1. c4 Nf6 2. g3 g6 3. Bg2 Bg7 4. Nc3 d6 5. Nf3 e5 6. d3 Nc6 7. Rb1 a5 8. a3 O-O
9. O-O h6 10. b4 axb4 11. axb4 Be6 12. b5 Ne7 13. Bb2 Qd7 14. Qb3 Bh3 15. Ra1
Bxg2 16. Kxg2 Rfb8 17. Rxa8 Rxa8 18. Ra1 Rxa1 19. Bxa1 c6 20. Bb2 Ne8 21. Ba3
Kh7 22. e4 Bf6 23. Na4 Nc8 24. bxc6 bxc6 25. Qb8 Kg7 26. c5 h5 27. h4 Kh7 28.
Nb6 Nxb6 29. cxb6 Bd8 30. b7 Bc7 31. Qc8 1-0

[Event "5th Classic Open 2013"]
[Site "London ENG"]
[Date "2013.12.09"]
[Round "3.74"]
[White "Pleininger, Rudolf"]
[Black "Pattni, Kishan"]
[Result "1-0"]
[WhiteElo "1968"]
[BlackElo "1715"]
[WhiteFideId "1305999"]
[BlackFideId "420751"]
[EventDate "2013.12.07"]

1. d4 Nf6 2. c4 g6 3. Nc3 Bg7 4. e4 d6 5. f3 Nbd7 6. Nh3 c6 7. Bg5 e5 8. d5 c5
9. Qd2 h6 10. Be3 Nf8 11. Nf2 g5 12. Be2 Ng6 13. g3 Bd7 14. O-O-O Qc8 15. f4
exf4 16. gxf4 g4 17. Nd3 b5 18. e5 b4 19. exf6 bxc3 20. Qxc3 Bf8 21. Rde1 Qa6
22. Bd2 O-O-O 23. a3 h5 24. b4 Bf5 25. bxc5 dxc5 26. Ne5 Qb7 27. Bd3 Bxd3 28.
Qxd3 Bh6 29. Kc2 Nxf4 30. Bxf4 Qa6 31. Qf5+ 1-0

[Event "5th Classic Open 2013"]
[Site "London ENG"]
[Date "2013.12.09"]
[Round "3.75"]
[White "Altman, Joshua"]
[Black "Faldon, David J"]
[Result "1/2-1/2"]
[WhiteTitle "CM"]
[WhiteElo "1626"]
[BlackElo "1960"]
[WhiteFideId "426210"]
[BlackFideId "426016"]
[EventDate "2013.12.07"]

1. e4 e6 2. d4 d5 3. Nd2 c5 4. exd5 Qxd5 5. dxc5 Nf6 6. Ngf3 Qxc5 7. Bd3 Be7 8.
Qe2 Nbd7 9. b3 b6 10. Bb2 Bb7 11. O-O O-O 12. a4 Qc7 13. Ne5 Nxe5 14. Bxe5 Qc6
15. Nf3 Rfd8 16. Rfe1 Ng4 17. Bb2 Bf6 18. Bxf6 Nxf6 19. a5 Qc3 20. a6 Bd5 21.
Qe3 Rac8 22. Rad1 h6 23. h3 Ba8 24. Ne5 Nd5 25. Qg3 Qc7 26. Bc4 Qe7 27. Ng4 Kh8
28. Qe5 Qc7 29. Nxh6 f6 30. Qxc7 Rxc7 31. Ng4 e5 32. Ne3 Rcd7 33. Nxd5 Bxd5 34.
Bb5 Rd6 35. c4 Be6 36. Rxd6 Rxd6 37. Re3 Rd1+ 38. Kh2 Kg8 39. f4 Kf7 40. fxe5
fxe5 41. Rxe5 Ra1 42. Rh5 Bc8 43. Rd5 Ke7 44. c5 Be6 45. cxb6 axb6 46. Rd4 Bxb3
47. Rd7+ Kf6 48. a7 Be6 49. Rc7 Bd5 50. Bc6 Bxc6 51. Rxc6+ Kf7 52. Rxb6 Rxa7 53.
Rb3 g5 54. Kg3 Kg6 55. Rf3 Ra4 56. Rf8 Ra3+ 57. Rf3 Ra4 58. Kh2 Ra2 59. Rg3 Kh5
60. Rf3 Kg6 61. Rf8 Kg7 62. Rf5 1/2-1/2

[Event "5th Classic Open 2013"]
[Site "London ENG"]
[Date "2013.12.09"]
[Round "3.77"]
[White "Lie, Terje"]
[Black "Phillips, Owen S"]
[Result "0-1"]
[WhiteElo "1551"]
[BlackElo "1913"]
[WhiteFideId "1504916"]
[BlackFideId "417882"]
[EventDate "2013.12.07"]

1. d4 d5 2. c4 c6 3. Nc3 Nf6 4. Nf3 e6 5. cxd5 cxd5 6. e3 Be7 7. Bb5+ Bd7 8. O-O
O-O 9. Ne5 Bxb5 10. Nxb5 Nc6 11. Nf3 Ne4 12. Nc3 f5 13. Nd2 g5 14. Nb3 Nxc3 15.
bxc3 Rf6 16. Qe2 Rh6 17. c4 Qe8 18. cxd5 exd5 19. g4 Bd6 20. gxf5 Bxh2+ 21. Kg2
Qe4+ 22. Qf3 Qh4 23. Rh1 Rd8 24. Kf1 g4 25. Qg2 Qh3 26. Ba3 Rd7 27. Nc5 Rf7 28.
Qxh3 Rxh3 29. Ke2 Rxf5 30. Nxb7 Rf6 31. Rab1 Nxd4+ 32. exd4 Rxa3 33. Rxh2 Rxa2+
34. Kf1 g3 35. Rg2 Rfxf2+ 36. Rxf2 Rxf2+ 37. Kg1 Rd2 38. Rb4 h5 39. Nd6 Rd1+ 40.
Kg2 h4 41. Nf5 Rd2+ 42. Kg1 h3 43. Rb1 Kf7 44. Rb7+ Ke6 45. Nxg3 Rg2+ 46. Kh1
Rxg3 47. Rxa7 Rd3 48. Kh2 Kf5 49. Re7 Kf4 50. Rh7 Ke3 51. Rxh3+ Kxd4 52. Rh4+
Ke3 53. Rh3+ Ke2 54. Rh8 d4 55. Kg2 Re3 56. Rf8 d3 57. Rf2+ Kd1 58. Rf8 d2 59.
Kf2 Re2+ 60. Kf1 Re1+ 61. Kf2 Kc2 62. Rc8+ Kb3 63. Rb8+ Kc4 64. Rc8+ Kb5 65.
Rb8+ Kc6 66. Rc8+ Kb7 67. Rc3 d1=Q 0-1

[Event "5th Classic Open 2013"]
[Site "London ENG"]
[Date "2013.12.09"]
[Round "3.78"]
[White "Gupta, Arul"]
[Black "Kiik, Kalle"]
[Result "0-1"]
[BlackTitle "IM"]
[WhiteElo "1840"]
[BlackElo "2435"]
[WhiteFideId "422622"]
[BlackFideId "4500075"]
[EventDate "2013.12.07"]

1. c4 c5 2. Nc3 g6 3. g3 Bg7 4. Bg2 Nc6 5. e4 d6 6. Nge2 e6 7. d3 Nge7 8. O-O
O-O 9. Be3 Nd4 10. Qd2 Rb8 11. Rab1 Nec6 12. Bxd4 cxd4 13. Nd1 e5 14. f4 Bh6 15.
b4 b5 16. Nb2 a6 17. a3 Bd7 18. Qc2 Qe7 19. fxe5 dxe5 20. Nd1 Rfc8 21. c5 Be6
22. Nf2 a5 23. Rb2 axb4 24. axb4 Ra8 25. Bh3 Bxh3 26. Nxh3 Ra3 27. Rfb1 Rca8 28.
Kg2 Qe6 29. Nc1 Rc3 30. Qd1 Ra4 31. Ne2 Rca3 32. Nf2 Ra2 33. Qe1 R4a3 34. Qd1
Be3 35. Rxa2 Rxa2 36. Qe1 Rd2 37. Rd1 Rc2 38. Ra1 Nxb4 39. Ra3 Rd2 40. Ra8+ Kg7
41. Kh1 Qf6 42. Kg1 Nc2 0-1

[Event "5th Classic Open 2013"]
[Site "London ENG"]
[Date "2013.12.09"]
[Round "3.79"]
[White "Clayton, Tristan"]
[Black "Tozer, Philip A A"]
[Result "0-1"]
[WhiteElo "1832"]
[BlackElo "2141"]
[WhiteFideId "416533"]
[BlackFideId "419982"]
[EventDate "2013.12.07"]

1. e4 e6 2. d4 d5 3. Nd2 Nf6 4. e5 Nfd7 5. Bd3 c5 6. c3 Nc6 7. Ne2 cxd4 8. cxd4
f6 9. exf6 Nxf6 10. Nf3 Bd6 11. O-O O-O 12. Bf4 Nh5 13. Bxd6 Qxd6 14. Ng5 g6 15.
Rc1 Nf4 16. Nxf4 Qxf4 17. Nf3 Nxd4 18. Nxd4 Qxd4 19. Rc7 Qf6 20. Qc2 e5 21. f3
Qg5 22. Kh1 Be6 23. Rxb7 Rac8 24. Qe2 e4 25. Rxa7 Rc1 26. Ba6 Bg4 27. Rxc1 Qxc1+
28. Qf1 Qxb2 29. h3 Bc8 30. Ra8 Bxa6 31. Rxf8+ Kxf8 32. Qxa6 Qa1+ 33. Kh2 Qe5+
34. Kh1 e3 35. Qc8+ Kg7 36. Qd7+ Kh6 37. Qg4 e2 38. Qh4+ Kg7 39. Qe1 d4 40. a4
d3 0-1

[Event "5th Classic Open 2013"]
[Site "London ENG"]
[Date "2013.12.09"]
[Round "3.80"]
[White "Burnham, Frank D"]
[Black "Harari, Zaki"]
[Result "0-1"]
[WhiteElo "1818"]
[BlackElo "2118"]
[WhiteFideId "419516"]
[BlackFideId "2002639"]
[EventDate "2013.12.07"]

1. b4 e5 2. Bb2 Bxb4 3. Bxe5 Nf6 4. Nf3 Nc6 5. Bb2 O-O 6. c3 Ba5 7. e3 d5 8. d4
Bg4 9. Be2 Re8 10. O-O Ne4 11. Nfd2 Bxe2 12. Qxe2 f5 13. Nb3 Bb6 14. N1d2 a5 15.
a4 Ne7 16. c4 c6 17. cxd5 Nxd5 18. Nxe4 Rxe4 19. Nd2 Re8 20. Rac1 Qh4 21. g3 Qh3
22. Qf3 Rad8 23. Qg2 Qh5 24. h4 Qe2 25. Rfd1 Qg4 26. Re1 Nb4 27. Rc3 Rxd4 28. f3
Qg6 29. exd4 Rxe1+ 30. Kf2 Qe6 0-1

[Event "5th Classic Open 2013"]
[Site "London ENG"]
[Date "2013.12.09"]
[Round "3.81"]
[White "Peck, Silas"]
[Black "Burke, John S"]
[Result "0-1"]
[WhiteElo "1803"]
[BlackElo "2045"]
[WhiteFideId "432865"]
[BlackFideId "404322"]
[EventDate "2013.12.07"]

1. e4 Nc6 2. d4 d6 3. Nc3 Nf6 4. f4 g6 5. Nf3 Bg7 6. Bd3 O-O 7. O-O Bg4 8. Be3
e5 9. fxe5 dxe5 10. d5 Nd4 11. Be2 Bxf3 12. Bxf3 c6 13. Bxd4 exd4 14. Qxd4 Nxd5
15. Qa4 Qb6+ 16. Kh1 Ne3 17. Rfb1 Qc5 18. Qb3 b5 19. Re1 Nc4 20. Nd1 Be5 21. Qd3
Rad8 22. Qf1 Qe7 23. Ne3 Nxe3 24. Rxe3 Qh4 25. Qg1 Bd4 26. Qe1 Qf4 27. Rd3 Bxb2
28. Rad1 Rxd3 29. Rxd3 Be5 30. g3 Qf6 31. Qd2 h5 32. Kg2 Kg7 33. Qf2 a6 34. Be2
Qxf2+ 35. Kxf2 Kf6 36. Ra3 Ra8 37. Ke3 a5 38. Rd3 Ke6 39. g4 h4 40. h3 g5 41.
Rd1 a4 42. a3 Bd6 43. Ra1 Bf4+ 44. Kf3 Kd6 45. c4 bxc4 46. Bxc4 f6 47. Rb1 Kc5
48. Bd3 Rd8 49. Bc2 Rd2 50. Bxa4 Rd3+ 51. Kg2 Rg3+ 52. Kf2 Rxa3 53. Bd1 Rxh3 54.
Bf3 Rh2+ 55. Kg1 Ra2 56. Rd1 h3 57. Kh1 Rc2 58. Rf1 Rc3 59. Bd1 Kd4 60. Bf3 c5
61. Rd1+ Rd3 62. Rf1 c4 63. Be2 Rd2 64. Bf3 Ke3 65. Bd1 Rf2 66. Rxf2 Kxf2 67.
Bc2 c3 68. Bd3 Ke3 69. Bc2 Kd2 70. Ba4 c2 71. Bxc2 Kxc2 72. Kg1 Kd3 73. Kf2 Kxe4
74. Kg1 Kf3 75. Kh1 Kxg4 76. Kg1 Bg3 77. Kh1 f5 78. Kg1 f4 79. Kh1 f3 0-1

[Event "5th Classic Open 2013"]
[Site "London ENG"]
[Date "2013.12.09"]
[Round "3.82"]
[White "De Andres Gonalons, Fernando"]
[Black "Dror, Levi"]
[Result "1/2-1/2"]
[WhiteElo "2040"]
[BlackElo "1835"]
[WhiteFideId "2221896"]
[BlackFideId "2809583"]
[EventDate "2013.12.07"]

1. d4 Nf6 2. c4 g6 3. g3 Bg7 4. Bg2 d6 5. Nf3 O-O 6. O-O c6 7. Nc3 Na6 8. h3 Rb8
9. e4 Nc7 10. Qe2 a6 11. e5 Nd7 12. Bf4 dxe5 13. dxe5 Ne6 14. Bd2 Qc7 15. Rfe1
b5 16. cxb5 axb5 17. Rac1 Qb6 18. b3 Rd8 19. Red1 Bb7 1/2-1/2

[Event "5th Classic Open 2013"]
[Site "London ENG"]
[Date "2013.12.09"]
[Round "3.83"]
[White "Chilton, James I"]
[Black "James, Angus S"]
[Result "1/2-1/2"]
[WhiteElo "1778"]
[BlackElo "1941"]
[WhiteFideId "423009"]
[BlackFideId "470503"]
[EventDate "2013.12.07"]

1. e4 c6 2. d4 d5 3. Nc3 dxe4 4. Nxe4 Nf6 5. Nxf6+ exf6 6. Nf3 Bd6 7. Bd3 O-O 8.
O-O Qc7 9. h3 Rd8 10. c4 c5 11. d5 Nd7 12. Qc2 Nf8 13. Be3 b6 14. a4 a5 15. Rfe1
g6 16. Bd2 Nd7 17. Re4 Ne5 18. Nxe5 Bxe5 19. Rae1 Bf5 20. R4e3 Bd7 21. b3 Re8
22. Bc3 Kg7 23. Qb2 Bxc3 24. Qxc3 Rxe3 25. Rxe3 Re8 26. Qe1 Re5 27. Rxe5 Qxe5
28. Qxe5 fxe5 29. g4 f5 30. f3 Kf6 31. Kf2 h6 32. Kg3 Kg5 33. h4+ Kf6 34. h5 f4+
35. Kh4 g5+ 36. Kh3 Ke7 37. Be4 Kd6 38. Kg2 Ke7 39. Kf2 Kd6 40. Ke2 Ke7 41. Kd3
Kf6 42. Bg6 Bc8 43. Ke4 Bd7 44. Bh7 Bc8 45. Bf5 Ba6 46. Be6 Bb7 47. Bd7 Ba6 48.
Bc6 Bc8 49. d6 Ke6 50. d7 Bxd7 51. Bxd7+ Kxd7 52. Kxe5 Ke7 53. Kf5 Kf7 54. Ke5
Ke7 55. Kf5 Kf7 56. Ke5 1/2-1/2

[Event "5th Classic Open 2013"]
[Site "London ENG"]
[Date "2013.12.09"]
[Round "3.84"]
[White "Gates, David A"]
[Black "White, David J"]
[Result "0-1"]
[WhiteElo "1727"]
[BlackElo "1915"]
[WhiteFideId "415723"]
[BlackFideId "402931"]
[EventDate "2013.12.07"]

1. e4 c5 2. Nf3 d6 3. c3 Nf6 4. Bd3 g6 5. Bc2 Bg7 6. O-O O-O 7. d4 Nc6 8. d5 Nb8
9. c4 a6 10. Nc3 b5 11. cxb5 axb5 12. Nxb5 Ba6 13. Ba4 Nxe4 14. Re1 Nf6 15. Nc3
Bb7 16. Bb3 Nbd7 17. Bg5 Nb6 18. Qe2 Re8 19. Rad1 Qc8 20. Bc4 Nxc4 21. Qxc4 Qf5
22. Bxf6 Bxf6 23. a4 Ba6 24. Nb5 Reb8 25. b4 Bxb5 26. axb5 Ra4 27. Rb1 Rxb4 28.
Rxb4 cxb4 29. h3 Qd7 30. Qc6 Qb7 31. Re3 Qxb5 32. Rb3 Bc3 33. Qc7 Qb7 34. Qc4
Rc8 35. Qe4 Rc5 36. Qe3 Qxd5 0-1

[Event "5th Classic Open 2013"]
[Site "London ENG"]
[Date "2013.12.09"]
[Round "3.85"]
[White "Barasi, Paul Dl"]
[Black "Staneland, Peter E"]
[Result "1-0"]
[WhiteElo "1914"]
[BlackElo "1829"]
[WhiteFideId "432830"]
[BlackFideId "416576"]
[EventDate "2013.12.07"]

1. d4 d5 2. Bg5 h6 3. Bh4 c6 4. e3 Qb6 5. Nf3 Nd7 6. c4 Ngf6 7. Qc2 dxc4 8. Bxc4
e6 9. O-O c5 10. Nc3 cxd4 11. Nxd4 Be7 12. Na4 Qa5 13. Bxe6 O-O 14. Bb3 Qh5 15.
Nf5 Bd8 16. Bg3 b5 17. Nc3 Nc5 18. Nd6 Nxb3 19. axb3 b4 20. Ne2 Bb6 21. Rfc1 Bd7
22. Nf4 Qg5 23. Qd2 h5 24. h4 Qg4 25. Rc4 Be6 26. Rxb4 Bc5 27. Rba4 Bxb3 28. Ra5
Bxd6 29. Qxd6 Rfd8 30. Qa3 Rd1+ 31. Kh2 Rxa1 32. Qxa1 Rd8 33. f3 Qf5 34. Rxf5 1-0

[Event "5th Classic Open 2013"]
[Site "London ENG"]
[Date "2013.12.09"]
[Round "3.87"]
[White "Haddock, Paul"]
[Black "Schmitz, Tim"]
[Result "0-1"]
[WhiteElo "1668"]
[BlackElo "1909"]
[WhiteFideId "419150"]
[BlackFideId "1270221"]
[EventDate "2013.12.07"]

1. e4 c5 2. Nf3 d6 3. d4 cxd4 4. Nxd4 Nf6 5. Nc3 a6 6. Bc4 e6 7. Bb3 Nbd7 8. Bg5
Nc5 9. O-O Be7 10. Qe2 O-O 11. Kh1 Nfxe4 12. Nxe4 Bxg5 13. Nxc5 dxc5 14. Nf3 Bf6
15. Rad1 Qc7 16. c3 Bd7 17. Bc2 Bc6 18. Rfe1 Rfd8 19. Kg1 Qf4 20. Qe3 Qxe3 21.
fxe3 Rxd1 22. Rxd1 h6 23. Kf2 Kf8 24. Rd6 Ke7 25. Rd2 Rd8 26. Rxd8 Kxd8 27. e4
Kd7 28. e5 Bd8 29. Ke3 Bc7 30. Be4 f5 31. Bxc6+ Kxc6 32. c4 g5 33. b3 g4 34. Nh4
Bxe5 35. g3 Kd6 36. Ng6 Bf6 37. Nf4 Bg5 0-1

[Event "5th Classic Open 2013"]
[Site "London ENG"]
[Date "2013.12.09"]
[Round "3.88"]
[White "Shah, Dipak K"]
[Black "De Lagontrie, Jean"]
[Result "0-1"]
[WhiteElo "1886"]
[BlackElo "1775"]
[WhiteFideId "425842"]
[BlackFideId "605271"]
[EventDate "2013.12.07"]

1. d4 d5 2. c4 c6 3. Nf3 Nf6 4. e3 e6 5. Bd3 Nbd7 6. Nc3 dxc4 7. Bxc4 b5 8. Bb3
Bb7 9. Bc2 b4 10. Ne2 c5 11. Ng3 Bd6 12. Qe2 a5 13. Bd3 O-O 14. e4 c4 15. Bxc4
Bxg3 16. hxg3 Bxe4 17. g4 Bg6 18. Nh4 Nd5 19. Nxg6 hxg6 20. Qf3 Re8 21. Qh3 f6
22. Bd3 Ne7 23. g5 f5 24. g4 Kf7 25. Qf3 Nb6 26. b3 Qd5 27. Qxd5 Nexd5 28. Rg1
f4 29. Bd2 e5 30. dxe5 Rxe5+ 31. Kf1 Rc8 32. Rc1 Rxc1+ 33. Bxc1 Rxg5 34. a3 bxa3
35. Bxa3 Nb4 36. Be4 Re5 37. f3 g5 38. Ke2 N6d5 39. Bb2 Re7 40. Rd1 Nf6 41. Rd4
Nc2 42. Ra4 Ne3 43. Bxf6 gxf6 44. Kd3 Re5 45. Kd4 Rb5 46. Ra3 Ke7 47. Kc3 Kd6
48. Ra1 Ke5 49. Rh1 Nxg4 50. Rh8 Rc5+ 51. Kb2 Nf2 52. Bc2 Kd4 53. Rf8 Ke3 54.
Rxf6 Kxf3 55. Rh6 g4 56. Bg6 g3 57. Bh5+ Rxh5 58. Rxh5 g2 59. Rg5 Ng4 60. Rxa5
g1=Q 61. b4 Ne3 62. Kb3 Qg8+ 63. Ka4 Ke4 64. b5 Qc4+ 65. Ka3 Nc2+ 66. Kb2 Qb4+ 0-1